Situación legal del servidor publico en Colombia / (Registro nro. 14457)
[ vista simple ]
| 000 -LEADER | |
|---|---|
| fixed length control field | 01056nam a2200229Ia 4500 |
| 003 - CONTROL NUMBER IDENTIFIER | |
| control field | OSt |
| 005 - DATE AND TIME OF LATEST TRANSACTION | |
| control field | 20240712161254.0 |
| 008 - FIXED-LENGTH DATA ELEMENTS--GENERAL INFORMATION | |
| fixed length control field | 210310s1991 CK gr 000 0 spa d |
| 040 ## - CATALOGING SOURCE | |
| Original cataloging agency | CO-JMCR |
| Language of cataloging | spa |
| Transcribing agency | CO-JMCR |
| Modifying agency | CO-JMCR |
| Description conventions | rda |
| 041 0# - LANGUAGE CODE | |
| Language code of text/sound track or separate title | spa |
| 082 04 - DEWEY DECIMAL CLASSIFICATION NUMBER | |
| Edition number | 23 |
| Classification number | 342.860 |
| Item number | G64s |
| 100 1# - MAIN ENTRY--PERSONAL NAME | |
| Personal name | Gonzalez Charry, Guillermo, |
| 9 (RLIN) | 20061 |
| Relator term | autor |
| 245 10 - TITLE STATEMENT | |
| Title | Situación legal del servidor publico en Colombia / |
| Statement of responsibility, etc. | Guillermo Gonzalez Charry |
| 260 ## - PUBLICATION, DISTRIBUTION, ETC. | |
| Date of publication, distribution, etc. | Bogota : |
| Place of publication, distribution, etc. | Imprenta nacional |
| Name of publisher, distributor, etc. | 1991 |
| 300 ## - PHYSICAL DESCRIPTION | |
| Other physical details | 213 páginas ; |
| Extent | 16 cm. |
| 490 ## - SERIES STATEMENT | |
| Series statement | Ricardo Medina Moyano |
| 505 0# - FORMATTED CONTENTS NOTE | |
| Title | Situación legal del servidor publico de 1944-1968 -- La relación de derecho publico -- La jurisprudencia -- Situación legal del servidor -- Los órganos de la administración -- La jurisprudencia -- Aspectos básicos del contrato de trabajo y de la función publica. |
| 650 14 - SUBJECT ADDED ENTRY--TOPICAL TERM | |
| Source of heading or term | JMCR |
| Topical term or geographic name entry element | Servidores públicos |
| 9 (RLIN) | 33637 |
| Geographic subdivision | Colombia |
| 650 24 - SUBJECT ADDED ENTRY--TOPICAL TERM | |
| Source of heading or term | JMCR |
| Topical term or geographic name entry element | Contrato de trabajo |
| Form subdivision | Servidores públicos |
| 9 (RLIN) | 43768 |
| 650 34 - SUBJECT ADDED ENTRY--TOPICAL TERM | |
| Source of heading or term | JMCR |
| Topical term or geographic name entry element | Servidores publicos |
| General subdivision | Legislación |
| 9 (RLIN) | 43769 |
| 942 ## - ADDED ENTRY ELEMENTS (KOHA) | |
| Source of classification or shelving scheme | Dewey Decimal Classification |
| Koha item type | Books |
| Withdrawn status | Lost status | Source of classification or shelving scheme | Damaged status | Not for loan | Home library | Current library | Date acquired | Total Checkouts | Full call number | Barcode | Date last seen | Date last checked out | Copy number | Price effective from | Koha item type |
|---|---|---|---|---|---|---|---|---|---|---|---|---|---|---|---|
| Dewey Decimal Classification | Biblioteca Pública José María del Castillo y Rada | Biblioteca Pública José María del Castillo y Rada | 03/10/2021 | 1 | 342.860 G64s | 430010289 | 07/22/2024 | 07/22/2024 | Ej. 1 | 03/10/2021 | Books |